[Event "Veteranklassen"]
[Site "Skorping"]
[Date "2017.04.13"]
[Round "1"]
[White "Jarlnaes, Erik"]
[Black "Haugaard, Thomas"]
[Result "1/2-1/2"]
[WhiteElo "1896"]
[BlackElo "1744"]
[PlyCount "57"]
[EventDate "2017.04.13"]

1. e4 e5 2. d4 exd4 3. c3 d5 4. exd5 Qxd5 5. Qxd4 Qxd4 6. cxd4 Nf6 7. Bb5+ c6
8. Bc4 Bb4+ 9. Bd2 Bxd2+ 10. Nxd2 O-O 11. Ngf3 Re8+ 12. Ne5 Be6 13. O-O Nbd7
14. Rfe1 Nb6 15. Bxe6 Rxe6 16. a4 Rae8 17. a5 Nbd5 18. Nd3 Rxe1+ 19. Rxe1 Rxe1+
20. Nxe1 Nb4 21. Kf1 Kf8 22. Ke2 Nfd5 23. g3 Ke7 24. Nd3 f6 25. Nxb4 Nxb4 26.
Ne4 b6 27. axb6 axb6 28. f4 Ke6 29. Nc3 1/2-1/2

[Event "Veteranklassen"]
[Site "Skorping"]
[Date "2017.04.13"]
[Round "1"]
[White "Hansen, Torben"]
[Black "Pedersen, Kurt"]
[Result "0-1"]
[WhiteElo "1592"]
[BlackElo "1915"]
[PlyCount "86"]
[EventDate "2017.04.13"]

1. f4 d5 2. Nf3 Nf6 3. b3 c5 4. e3 Bg4 5. Bb5+ Nc6 6. Bb2 e6 7. O-O a6 8. Bxc6+
bxc6 9. Qe1 Bxf3 10. Rxf3 g6 11. d3 Bg7 12. e4 O-O 13. e5 Nd7 14. Nc3 Rb8 15.
Qe2 Qe7 16. Re1 Nb6 17. Ba3 Nd7 18. d4 Qd8 19. Na4 Qa5 20. Nxc5 Nxc5 21. Bxc5
Rfc8 22. c3 Bf8 23. Bxf8 Kxf8 24. g4 c5 25. f5 exf5 26. gxf5 cxd4 27. cxd4 Rc3
28. Qd2 Rbc8 29. fxg6 hxg6 30. Ref1 Kg8 31. Qf2 Rxf3 32. Qxf3 Rc7 33. Qf6 Qc3
34. Qd8+ Kg7 35. Qxd5 Qe3+ 36. Kh1 Qd3 37. Qf3 Qxd4 38. Qf6+ Kg8 39. Qxa6 Qe4+
40. Kg1 Rc2 41. Rf2 Qg4+ 42. Kh1 Rxf2 43. Qa8+ Kg7 0-1

[Event "Veteranklassen"]
[Site "Skorping"]
[Date "2017.04.13"]
[Round "1"]
[White "Hansen, Max Erik"]
[Black "Jensen, Jorgen Michael"]
[Result "0-1"]
[WhiteElo "1872"]
[BlackElo "1611"]
[PlyCount "80"]
[EventDate "2017.04.13"]

1. d4 b5 2. Nf3 Bb7 3. e3 b4 4. c3 e6 5. Bd2 a5 6. Be2 c5 7. O-O Nf6 8. dxc5
Bxc5 9. cxb4 axb4 10. Ne5 Qc7 11. Nd3 Bd6 12. h3 Nc6 13. Qc2 Nd4 14. Qxc7 Nxe2+
15. Kh1 Bxc7 16. Nc5 Bd5 17. Bxb4 Rxa2 18. Rxa2 Bxa2 19. Nd2 Nd5 20. Nd3 Nxb4
21. Nxb4 Ba5 22. Ra1 Bxb4 23. Rxa2 Ke7 24. Nf3 Rc8 25. b3 Nc1 26. Ra4 Rb8 27.
Nd4 Bc5 28. Rc4 Bxd4 29. Rxc1 Bb2 30. Rb1 Rxb3 31. g3 Rb4 32. Kg2 Bc3 33. Rc1
Bf6 34. f4 d5 35. Rc7+ Ke8 36. g4 g6 37. g5 Bd8 38. Rc3 Bb6 39. Kf3 Kf8 40. h4
Kg8 0-1

[Event "Veteranklassen"]
[Site "Skorping"]
[Date "2017.04.13"]
[Round "1"]
[White "Jessen, Ernst J"]
[Black "Overgaard, Jorgen"]
[Result "0-1"]
[WhiteElo "1669"]
[BlackElo "1820"]
[PlyCount "60"]
[EventDate "2017.04.13"]

1. e4 e5 2. Nf3 Nc6 3. Bb5 f5 4. d3 fxe4 5. dxe4 Nf6 6. Bg5 Bc5 7. Bh4 d6 8. h3
O-O 9. Bc4+ Kh8 10. Nbd2 Qe8 11. Qe2 a6 12. Bg5 Be6 13. Bxe6 Qxe6 14. O-O Nh5
15. Kh2 Nf4 16. Bxf4 Rxf4 17. c3 Raf8 18. Qd3 Qh6 19. Rae1 g5 20. Kg1 g4 21.
hxg4 Rxg4 22. Nh2 Rh4 23. Ndf3 Rxf3 24. Qxf3 Rxh2 25. g3 Nd8 26. g4 Ne6 27. Qg3
Rh1+ 28. Kg2 Nf4+ 29. Kf3 Rh3 30. Rh1 Rxh1 0-1

[Event "Veteranklassen"]
[Site "Skorping"]
[Date "2017.04.13"]
[Round "1"]
[White "Riis, Jens"]
[Black "Rasmussen, Jens"]
[Result "1-0"]
[WhiteElo "1670"]
[BlackElo "1772"]
[PlyCount "138"]
[EventDate "2017.04.13"]

1. d4 d5 2. c4 c6 3. e3 Nf6 4. Nc3 e6 5. Be2 b6 6. Nf3 Be7 7. O-O Bb7 8. Bd2
Nbd7 9. cxd5 exd5 10. Rc1 O-O 11. a3 Ne4 12. Be1 f5 13. Na2 a6 14. Nb4 Bxb4 15.
Bxb4 c5 16. dxc5 bxc5 17. Bc3 Nxc3 18. Rxc3 Qe7 19. Qc2 Kh8 20. Rc1 Rac8 21.
Kf1 c4 22. b3 cxb3 23. Qxb3 Rxc3 24. Rxc3 Nb8 25. Nd4 h6 26. Qc2 Qe5 27. Nf3
Qe6 28. Rc7 Rc8 29. Nd4 Rxc7 30. Qxc7 Qc8 31. Qxc8+ Bxc8 32. Bd3 g6 33. Ke2 Kg7
34. Kd2 Kf6 35. f4 Bb7 36. Kc3 Nd7 37. g3 Ke7 38. Nb3 Kd6 39. Na5 Bc8 40. Nb3
Nf6 41. Kd4 Nd7 42. Na1 Nc5 43. Bc2 a5 44. Nb3 Ne6+ 45. Kc3 a4 46. Nd4 Nc5 47.
Bd3 Nxd3 48. Kxd3 Kc5 49. Kc3 g5 50. Kd3 g4 51. Kc3 Bd7 52. Kd3 Kd6 53. Kc3 h5
54. Kb4 Bc8 55. Kxa4 Kc5 56. Kb3 Bd7 57. Kc3 Bc8 58. a4 Bd7 59. Nb3+ Kd6 60.
Kb4 d4 61. Nxd4 Kd5 62. a5 Ke4 63. a6 Bc8 64. a7 Bb7 65. Kc5 Kxe3 66. Nxf5+ Kf3
67. Nd6 Ba8 68. f5 Kg2 69. f6 Kxh2 1-0

[Event "Veteranklassen"]
[Site "Skorping"]
[Date "2017.04.13"]
[Round "1"]
[White "Kopperberg, Steen"]
[Black "Raahauge, Hans"]
[Result "1-0"]
[WhiteElo "1818"]
[BlackElo "1647"]
[PlyCount "97"]
[EventDate "2017.04.13"]

1. d4 Nf6 2. Nf3 d5 3. Bf4 Nc6 4. e3 a6 5. c3 e6 6. Nbd2 Bd6 7. Bg3 O-O 8. Bd3
Re8 9. Ne5 Ne7 10. Qc2 Ng6 11. Ndf3 Bxe5 12. Nxe5 Nf8 13. Bh4 Ng6 14. Bg5 Qd6
15. Bxf6 gxf6 16. Nf3 Bd7 17. h4 Bb5 18. h5 Bxd3 19. Qxd3 Ne7 20. O-O-O Kh8 21.
Kb1 Rg8 22. Rdg1 c5 23. g4 cxd4 24. Nxd4 e5 25. Nf5 Nxf5 26. gxf5 e4 27. Qd4
Qe5 28. Rd1 Qxd4 29. Rxd4 Rad8 30. Rhd1 b5 31. Rxd5 Rxd5 32. Rxd5 Rg1+ 33. Kc2
Kg7 34. Rd6 Rh1 35. a4 bxa4 36. c4 Rxh5 37. Rd5 Rh2 38. c5 Rxf2+ 39. Kc3 Rf1
40. Kb4 Rb1 41. c6 Rxb2+ 42. Kxa4 Rc2 43. Rd6 h5 44. Ka5 h4 45. Kb6 h3 46. c7
h2 47. Rd1 Rb2+ 48. Kxa6 Rc2 49. Kb7 1-0

[Event "Veteranklassen"]
[Site "Skorping"]
[Date "2017.04.13"]
[Round "1"]
[White "Jorgensen, Jens AL"]
[Black "Laursen, Bjorn"]
[Result "0-1"]
[WhiteElo "1349"]
[BlackElo "1820"]
[PlyCount "56"]
[EventDate "2017.04.13"]

1. e4 e5 2. Nf3 Nf6 3. Nc3 Bb4 4. d3 d5 5. exd5 Nxd5 6. Bd2 Nxc3 7. bxc3 Bd6 8.
d4 e4 9. Ng5 Bf5 10. Bc4 Bg6 11. O-O h6 12. Nh3 Qh4 13. Qe2 O-O 14. f3 Re8 15.
Be3 Nd7 16. Qf2 Qxf2+ 17. Kxf2 exf3 18. gxf3 Bf5 19. Nf4 Rxe3 20. Bd3 Bxd3 21.
Nxd3 Re7 22. f4 Rae8 23. Ne5 Bxe5 24. fxe5 f6 25. exf6 Nxf6 26. c4 Re2+ 27. Kf3
g5 28. Kg3 R8e3+ 0-1

[Event "Veteranklassen"]
[Site "Skorping"]
[Date "2017.04.13"]
[Round "1"]
[White "Rendlev, Niels Moller"]
[Black "Asmund, Erik"]
[Result "1/2-1/2"]
[WhiteElo "1774"]
[BlackElo "1593"]
[PlyCount "64"]
[EventDate "2017.04.13"]

1. Nf3 g6 2. g3 Bg7 3. Bg2 c6 4. d4 d5 5. O-O Nf6 6. c4 O-O 7. cxd5 cxd5 8. Nc3
e6 9. Bg5 h6 10. Bd2 a6 11. Qc2 Nbd7 12. a4 Re8 13. Ne5 Nxe5 14. dxe5 Ng4 15.
Qc1 Nxe5 16. Bxh6 Bxh6 17. Qxh6 Qf6 18. h3 Bd7 19. Rac1 Rac8 20. Qd2 Bc6 21. b3
Kg7 22. Rfd1 Rh8 23. Qd4 b5 24. a5 Ba8 25. Na2 Rxc1 26. Nxc1 Rc8 27. Na2 Rc2
28. Nb4 Rxe2 29. Nxa6 Re1+ 30. Kh2 Rxd1 31. Qxd1 Qxf2 32. Nc7 Bc6 1/2-1/2

[Event "Veteranklassen"]
[Site "Skorping"]
[Date "2017.04.13"]
[Round "1"]
[White "Nielsen, Bent K"]
[Black "Markussen, Benno Orvad"]
[Result "0-1"]
[WhiteElo "1371"]
[BlackElo "1720"]
[PlyCount "72"]
[EventDate "2017.04.13"]

1. e4 c6 2. d4 d6 3. Nf3 Bg4 4. Be2 Qc7 5. Bf4 Nd7 6. c4 e5 7. Be3 Ngf6 8. Nc3
Be7 9. O-O O-O 10. b4 a6 11. Rc1 exd4 12. Nxd4 Bxe2 13. Ndxe2 Ng4 14. Bf4 Nge5
15. c5 dxc5 16. bxc5 Bxc5 17. Na4 Be7 18. Be3 Rac8 19. Nd4 b5 20. Nf5 Ba3 21.
Nb2 Rfe8 22. Rc2 Bxb2 23. Nd6 Ba3 24. Nxc8 Rxc8 25. f4 Nc4 26. Rf3 Nxe3 27.
Rxe3 Bc5 28. Rxc5 Nxc5 29. e5 Ne6 30. f5 Nf8 31. Qg4 Qd7 32. Rg3 Ng6 33. Qe4
Rd8 34. fxg6 Qd1+ 35. Kf2 Rd2+ 36. Ke3 Re2+ 0-1

[Event "Veteranklassen"]
[Site "Skorping"]
[Date "2017.04.14"]
[Round "2"]
[White "Overgaard, Jorgen"]
[Black "Riis, Jens"]
[Result "1/2-1/2"]
[WhiteElo "1820"]
[BlackElo "1670"]
[PlyCount "90"]
[EventDate "2017.04.13"]

1. d4 d5 2. e3 Nf6 3. Bd3 e6 4. Nd2 Be7 5. f4 c5 6. c3 O-O 7. Ngf3 Nc6 8. O-O
cxd4 9. exd4 Qc7 10. Ne5 Qb6 11. Kh1 Bd7 12. g4 Nxe5 13. fxe5 Ne8 14. Nf3 g6
15. h4 Qd8 16. g5 Ng7 17. Rg1 Nf5 18. Qe1 a6 19. Qf1 Qb6 20. Qh3 Ng7 21. Nh2
Bb5 22. Bc2 Be2 23. Ng4 Nf5 24. Nf6+ Bxf6 25. gxf6 Bh5 26. Bxf5 exf5 27. Qxf5
Qe6 28. Qxe6 fxe6 29. Bh6 Rf7 30. Rg5 Bf3+ 31. Kh2 Be4 32. Rag1 b5 33. h5 b4
34. hxg6 Bxg6 35. Rxg6+ hxg6 36. Rxg6+ Kh7 37. Rg7+ Rxg7 38. Bxg7 Kg8 39. cxb4
Rc8 40. a4 Rc2+ 41. Kg3 Rxb2 42. b5 axb5 43. axb5 Rxb5 44. Bh6 Rb3+ 45. Kf2 Kf7
1/2-1/2

[Event "Veteranklassen"]
[Site "Skorping"]
[Date "2017.04.14"]
[Round "2"]
[White "Markussen, Benno Orvad"]
[Black "Kopperberg, Steen"]
[Result "1-0"]
[WhiteElo "1720"]
[BlackElo "1818"]
[PlyCount "151"]
[EventDate "2017.04.13"]

1. c4 c6 2. g3 Nf6 3. Bg2 d5 4. Nf3 Bf5 5. b3 Nbd7 6. Bb2 e6 7. O-O Be7 8. d3
O-O 9. Nbd2 Bg6 10. Re1 Bb4 11. a3 Bxd2 12. Qxd2 Re8 13. Nh4 a5 14. Nxg6 hxg6
15. h3 Nc5 16. Qd1 a4 17. bxa4 Nxa4 18. Bxf6 Qxf6 19. cxd5 exd5 20. d4 Nc3 21.
Qd3 Nb5 22. e3 Qd6 23. a4 Nc7 24. Reb1 b5 25. axb5 Nxb5 26. Bf1 Na3 27. Rb3 Nc4
28. Rxa8 Rxa8 29. Qc3 Ra4 30. e4 Qf6 31. exd5 cxd5 32. Bg2 Ra2 33. Qf3 Ra1+ 34.
Kh2 Ra5 35. Rb8+ Kh7 36. Qxf6 gxf6 37. Rd8 Nb6 38. Rd6 Rb5 39. Rxf6 Kg7 40. Rd6
Kf8 41. Bf3 Ke7 42. Rc6 Kd7 43. Rc5 Rb2 44. Bxd5 Rxf2+ 45. Bg2 Rd2 46. d5 Na4
47. Rb5 Nc3 48. Ra5 Nd1 49. Ra3 Ke7 50. g4 Nb2 51. Ra7+ Kf6 52. Ra6+ Ke5 53.
Ra2 Kd4 54. d6 Ke5 55. d7 Rxd7 56. Rxb2 f5 57. Re2+ Kf4 58. Rf2+ Kg5 59. gxf5
gxf5 60. Bc6 Rf7 61. Kg3 Rh7 62. Bf3 f4+ 63. Kg2 Kf6 64. Bg4 Kg5 65. Rd2 Rf7
66. Rd5+ Kh6 67. Kf3 Ra7 68. Kxf4 Ra4+ 69. Kf5 Ra1 70. Kf6 Rf1+ 71. Bf5 Kh5 72.
Rd4 Rf2 73. Re4 Rg2 74. Rg4 Rf2 75. Rg5+ Kh4 76. Kg6 1-0

[Event "Veteranklassen"]
[Site "Skorping"]
[Date "2017.04.14"]
[Round "2"]
[White "Jensen, Jorgen Michael"]
[Black "Jarlnaes, Erik"]
[Result "1/2-1/2"]
[WhiteElo "1611"]
[BlackElo "1896"]
[PlyCount "100"]
[EventDate "2017.04.13"]

1. b4 d5 2. Bb2 e6 3. e3 f5 4. c4 c6 5. a4 Nf6 6. b5 Bd6 7. Nf3 O-O 8. Be2 Qe8
9. d4 cxb5 10. c5 Bc7 11. axb5 Bd8 12. Nbd2 Ne4 13. Ra3 g5 14. Qa1 a6 15. h3
Nxd2 16. Kxd2 f4 17. Rf1 fxe3+ 18. Rxe3 h5 19. g4 Bc7 20. Ke1 Bf4 21. Ra3 e5
22. dxe5 hxg4 23. hxg4 Bxg4 24. Rh1 Be6 25. Bd4 Nd7 26. c6 bxc6 27. bxc6 Nb8
28. c7 Nc6 29. Bc5 Rf5 30. Bd6 d4 31. Nxd4 Nxe5 32. Nxf5 Bxf5 33. Bxe5 Bxe5 34.
Qa2+ Kg7 35. Rxa6 Rc8 36. Qa4 Qxa4 37. Rxa4 Rxc7 38. Kf1 Bd7 39. Rc4 Ra7 40.
Bd3 Ra1+ 41. Kg2 Rxh1 42. Kxh1 Bf4 43. f3 Kf6 44. Be4 Be6 45. Ra4 Be5 46. Kg2
g4 47. Ra6 gxf3+ 48. Kxf3 Ke7 49. Ra7+ Kd6 50. Ra6+ Ke7 1/2-1/2

[Event "Veteranklassen"]
[Site "Skorping"]
[Date "2017.04.14"]
[Round "2"]
[White "Haugaard, Thomas"]
[Black "Kallenbach, Uffe"]
[Result "1-0"]
[WhiteElo "1744"]
[BlackElo "1693"]
[PlyCount "43"]
[EventDate "2017.04.13"]

1. d4 Nf6 2. c4 e6 3. Nc3 d5 4. cxd5 exd5 5. Bg5 Be7 6. e3 Nbd7 7. Qc2 c6 8.
Bd3 O-O 9. Nge2 Re8 10. O-O Nf8 11. f3 Nh5 12. Bxe7 Qxe7 13. e4 dxe4 14. fxe4
Qg5 15. Kh1 Bg4 16. e5 Rad8 17. Ne4 Qh4 18. g3 Qh3 19. Ng5 Bf3+ 20. Nxf3 g6 21.
Ng5 Qd7 22. Nxf7 1-0

[Event "Veteranklassen"]
[Site "Skorping"]
[Date "2017.04.14"]
[Round "2"]
[White "Asmund, Erik"]
[Black "Hansen, Max Erik"]
[Result "0-1"]
[WhiteElo "1593"]
[BlackElo "1872"]
[PlyCount "72"]
[EventDate "2017.04.13"]

1. e4 e5 2. Nf3 Nf6 3. d3 d5 4. Nxe5 dxe4 5. dxe4 Qxd1+ 6. Kxd1 Nxe4 7. Be3 Bd6
8. Nc4 Be6 9. Nxd6+ Nxd6 10. Bd3 Nc6 11. b3 O-O 12. Kc1 Rfd8 13. Kb2 Nb4 14.
Nc3 Nxd3+ 15. cxd3 Rd7 16. Rad1 a6 17. Rd2 Rad8 18. Rhd1 Nf5 19. Kc1 Nxe3 20.
fxe3 Bg4 21. Re1 Rxd3 22. Rxd3 Rxd3 23. Ne4 Bf5 24. Ng3 Bg6 25. Rd1 Rc3+ 26.
Kd2 Rc2+ 27. Ke1 Kf8 28. Rd2 Rc1+ 29. Rd1 Rc2 30. Rd2 Rc3 31. Ke2 Ke7 32. h4 h6
33. h5 Bh7 34. Nf1 Rc5 35. g4 f5 36. gxf5 Bxf5 0-1

[Event "Veteranklassen"]
[Site "Skorping"]
[Date "2017.04.14"]
[Round "2"]
[White "Rasmussen, Jens"]
[Black "Jorgensen, Jens AL"]
[Result "1-0"]
[WhiteElo "1772"]
[BlackElo "1349"]
[PlyCount "55"]
[EventDate "2017.04.13"]

1. e4 e5 2. Bc4 Bc5 3. Nf3 Nc6 4. O-O Nf6 5. d3 h6 6. Nc3 a6 7. a3 O-O 8. b4
Ba7 9. Bb2 d6 10. h3 Ne7 11. d4 exd4 12. Nxd4 b5 13. Be2 Bb7 14. Bf3 Nh7 15.
Nf5 Nxf5 16. exf5 Bxf3 17. Qxf3 Qd7 18. Ne4 f6 19. Rad1 Rae8 20. h4 Re7 21. Nc5
Qc8 22. Ne6 Rxe6 23. fxe6 Qxe6 24. Rfe1 Qd7 25. Qd5+ Kh8 26. Re6 Re8 27. Rde1
Rxe6 28. Qa8+ 1-0

[Event "Veteranklassen"]
[Site "Skorping"]
[Date "2017.04.14"]
[Round "2"]
[White "Raahauge, Hans"]
[Black "Hansen, Torben"]
[Result "1/2-1/2"]
[WhiteElo "1647"]
[BlackElo "1592"]
[PlyCount "42"]
[EventDate "2017.04.13"]

1. d4 e6 2. e4 d5 3. exd5 exd5 4. Nf3 Bg4 5. Be2 Bd6 6. O-O Ne7 7. Ne5 Bxe2 8.
Qxe2 O-O 9. Be3 c6 10. c3 Qc7 11. Nf3 Nd7 12. Qc2 Ng6 13. Re1 f5 14. Na3 Rae8
15. Bd2 Re4 16. h3 h6 17. Qc1 Bf4 18. c4 Bxd2 19. Qxd2 Nf6 20. cxd5 Nxd5 21.
Nc4 Rfe8 1/2-1/2

[Event "Veteranklassen"]
[Site "Skorping"]
[Date "2017.04.14"]
[Round "2"]
[White "Nielsen, Bent K"]
[Black "Jessen, Ernst J"]
[Result "0-1"]
[WhiteElo "1371"]
[BlackElo "1669"]
[PlyCount "90"]
[EventDate "2017.04.13"]

1. e4 e6 2. Bc4 d5 3. exd5 exd5 4. Bb3 Nf6 5. d4 Be7 6. Bf4 O-O 7. Nf3 Bf5 8.
O-O c6 9. c3 Bd6 10. Bxd6 Qxd6 11. Ne5 Nbd7 12. f4 Qc7 13. Nd2 Be4 14. Bc2 Bxc2
15. Qxc2 Ne8 16. Rf3 Nd6 17. Raf1 f5 18. Rh3 Nf6 19. Ndf3 Nfe4 20. Ng5 Nxg5 21.
fxg5 Ne4 22. Qc1 g6 23. Qf4 Qe7 24. Nf3 Rae8 25. Re1 Qd6 26. Ne5 Qe7 27. Nf3
Qd8 28. Ne5 Qxg5 29. Qxg5 Nxg5 30. Rhe3 Ne4 31. g3 Kg7 32. Kg2 f4 33. gxf4 Rxf4
34. Rf3 Rxf3 35. Nxf3 Rf8 36. Re2 Rf7 37. Ne5 Rc7 38. Re3 Nd6 39. b3 Nf5 40.
Re1 c5 41. dxc5 Rxc5 42. c4 dxc4 43. Nxc4 Rc7 44. Rd1 b5 45. Na3 Ne3+ 0-1

[Event "Veteranklassen"]
[Site "Skorping"]
[Date "2017.04.15"]
[Round "3"]
[White "Laursen, Bjorn"]
[Black "Overgaard, Jorgen"]
[Result "1/2-1/2"]
[WhiteElo "1820"]
[BlackElo "1820"]
[PlyCount "31"]
[EventDate "2017.04.13"]

1. d4 d5 2. Nc3 f5 3. Nf3 e6 4. Bf4 c6 5. e3 Nf6 6. Ne5 Be7 7. Bd3 O-O 8. O-O
Ne4 9. f3 Nf6 10. Ne2 Nh5 11. c4 g5 12. Bg3 Nxg3 13. hxg3 Nd7 14. Nxd7 Bxd7 15.
Kf2 c5 16. Rh1 1/2-1/2

[Event "Veteranklassen"]
[Site "Skorping"]
[Date "2017.04.15"]
[Round "3"]
[White "Riis, Jens"]
[Black "Jensen, Jorgen Michael"]
[Result "1/2-1/2"]
[WhiteElo "1670"]
[BlackElo "1611"]
[PlyCount "75"]
[EventDate "2017.04.13"]

1. d4 b5 2. e3 Bb7 3. Nf3 b4 4. Bd2 e6 5. Be2 c5 6. a3 a5 7. O-O cxd4 8. Nxd4
Nc6 9. Nxc6 Bxc6 10. Bf3 Rc8 11. Bxc6 Rxc6 12. axb4 axb4 13. c3 Rb6 14. Qa4 Qb8
15. Rd1 Nf6 16. Qa8 Bd6 17. Qxb8+ Rxb8 18. cxb4 O-O 19. Bc3 Ne4 20. g3 Bxb4 21.
Rxd7 Bxc3 22. Nxc3 Nc5 23. Rda7 Rxb2 24. Na4 Nxa4 25. R7xa4 h5 26. Ra8 g5 27.
Rxf8+ Kxf8 28. Ra5 f6 29. h4 gxh4 30. gxh4 f5 31. Ra7 Kg8 32. Ra6 Kf7 33. Ra7+
Kf6 34. Kg2 Rb4 35. Kg3 Rg4+ 36. Kh3 f4 37. exf4 Rxf4 38. Kg3 1/2-1/2

[Event "Veteranklassen"]
[Site "Skorping"]
[Date "2017.04.15"]
[Round "3"]
[White "Kopperberg, Steen"]
[Black "Haugaard, Thomas"]
[Result "1/2-1/2"]
[WhiteElo "1818"]
[BlackElo "1744"]
[PlyCount "44"]
[EventDate "2017.04.13"]

1. d4 Nf6 2. Nf3 g6 3. Bf4 Bg7 4. e3 d6 5. c3 O-O 6. Nbd2 Nbd7 7. Bd3 b6 8. Qa4
Bb7 9. Ba6 Qc8 10. Bxb7 Qxb7 11. O-O Rad8 12. Rad1 Nh5 13. Bg3 Nxg3 14. hxg3 e5
15. Qc2 c5 16. dxe5 d5 17. c4 Nxe5 18. Nxe5 Bxe5 19. Nf3 Bg7 20. cxd5 Rxd5 21.
b3 Rfd8 22. Rxd5 Qxd5 1/2-1/2

[Event "Veteranklassen"]
[Site "Skorping"]
[Date "2017.04.15"]
[Round "3"]
[White "Jarlnaes, Erik"]
[Black "Rendlev, Niels Moller"]
[Result "0-1"]
[WhiteElo "1896"]
[BlackElo "1774"]
[PlyCount "64"]
[EventDate "2017.04.13"]

1. e4 c6 2. d4 d5 3. exd5 cxd5 4. c4 Nf6 5. Nc3 e6 6. Bg5 Be7 7. Nf3 O-O 8. Bd3
dxc4 9. Bxc4 Nd5 10. Bxe7 Nxe7 11. O-O Nd7 12. Re1 Nf6 13. Qd3 Ned5 14. Bxd5
exd5 15. Re5 h6 16. Rae1 Be6 17. h3 Qd7 18. Nh4 Rfe8 19. f4 Qc6 20. f5 Bd7 21.
Nf3 Rac8 22. g4 Qc4 23. Qd2 Bc6 24. Rxe8+ Rxe8 25. Ne5 Qb4 26. a3 Qd6 27. Nxc6
Qg3+ 28. Kf1 Qxh3+ 29. Kg1 Qxg4+ 30. Kf1 Qxf5+ 31. Qf2 Qxf2+ 32. Kxf2 Rxe1 0-1

[Event "Veteranklassen"]
[Site "Skorping"]
[Date "2017.04.15"]
[Round "3"]
[White "Jessen, Ernst J"]
[Black "Rasmussen, Jens"]
[Result "1/2-1/2"]
[WhiteElo "1669"]
[BlackElo "1772"]
[PlyCount "105"]
[EventDate "2017.04.13"]

1. c4 Nf6 2. d4 d5 3. e3 e6 4. c5 c6 5. Nf3 Be7 6. Bd3 O-O 7. O-O Nbd7 8. b4 b6
9. Qc2 bxc5 10. bxc5 h6 11. Qa4 Qc7 12. Bd2 a5 13. Bc3 Ne4 14. Bxe4 dxe4 15.
Nfd2 f5 16. Nc4 Bd8 17. Nbd2 Nf6 18. Ne5 Nd5 19. Rfc1 Kh7 20. Ndc4 Bd7 21. Nxd7
Qxd7 22. Ne5 Qc8 23. Qxc6 Bc7 24. Qa4 Bxe5 25. dxe5 Qxc5 26. Bd4 Qb4 27. Rc4
Qxa4 28. Rxa4 Rfc8 29. g3 Ra6 30. a3 Kg6 31. Kg2 Rcc6 32. Rb1 Nc7 33. Rb2 Kf7
34. Rb7 Kg6 35. Rb2 Kg5 36. h3 h5 37. f3 exf3+ 38. Kxf3 Nd5 39. h4+ Kg6 40. Rb5
Rc2 41. Raxa5 Rac6 42. Rc5 Ne7 43. Rxc2 Rxc2 44. Rc5 Ra2 45. Rc3 f4 46. exf4
Kf5 47. Bc5 Nd5 48. Rb3 Rc2 49. Bd4 Ra2 50. Bc5 Ra1 51. Ba7 Rf1+ 52. Bf2 Ra1
53. Bc5 1/2-1/2

[Event "Veteranklassen"]
[Site "Skorping"]
[Date "2017.04.15"]
[Round "3"]
[White "Kallenbach, Uffe"]
[Black "Raahauge, Hans"]
[Result "1/2-1/2"]
[WhiteElo "1693"]
[BlackElo "1647"]
[PlyCount "121"]
[EventDate "2017.04.13"]

1. e4 e5 2. f4 d6 3. Nf3 Bg4 4. d4 exd4 5. c3 dxc3 6. Nxc3 a6 7. Bc4 Bxf3 8.
Qxf3 Ne7 9. O-O Ng6 10. e5 Nc6 11. Be3 Be7 12. e6 f6 13. Qh5 O-O 14. Bd3 Qe8
15. f5 Nge5 16. Qe2 Nxd3 17. Qxd3 Ne5 18. Qe2 Rd8 19. Rf4 d5 20. Rd1 Nc4 21.
Rxd5 Nxe3 22. Rxd8 Qxd8 23. Qxe3 b6 24. Qf3 Qd2 25. Nd1 Rd8 26. Nc3 Qc1+ 27.
Kf2 Qxb2+ 28. Ne2 Qxa2 29. Rh4 Qd5 30. Qh5 Bc5+ 31. Kg3 Qd3+ 32. Qf3 Qxf3+ 33.
Kxf3 Rd3+ 34. Kg4 h6 35. g3 Kf8 36. Kh3 Rf3 37. Rh5 Be3 38. Kg4 Rf2 39. Nc3 Rd2
40. Ne4 Rc2 41. Kf3 Bd4 42. Rh4 Be5 43. Nf2 b5 44. Nd3 Rc4 45. Rxc4 bxc4 46.
Nb4 c3 47. Ke3 a5 48. Na2 c5 49. Kd3 a4 50. Nxc3 a3 51. Na2 Ke7 52. Kc4 Kd6 53.
Kb3 Bb2 54. g4 g6 55. fxg6 Kxe6 56. Nc3 Bc1 57. Ne4 Ke7 58. Nxc5 Bg5 59. Kxa3
Bf4 60. Kb3 Bxh2 61. Ne4 1/2-1/2

[Event "Veteranklassen"]
[Site "Skorping"]
[Date "2017.04.15"]
[Round "3"]
[White "Hansen, Torben"]
[Black "Asmund, Erik"]
[Result "1/2-1/2"]
[WhiteElo "1592"]
[BlackElo "1593"]
[PlyCount "105"]
[EventDate "2017.04.13"]

1. f4 d5 2. Nf3 g6 3. e3 Bg7 4. c3 b6 5. Bb5+ c6 6. Be2 Bg4 7. O-O Nh6 8. h3
Bxf3 9. Bxf3 Nf5 10. Qe1 h5 11. e4 dxe4 12. Bxe4 Qd6 13. d4 h4 14. Nd2 Ng3 15.
Rf3 Nxe4 16. Nxe4 Qd5 17. Re3 Nd7 18. Ng5 Bf6 19. Ne4 O-O-O 20. Nxf6 Nxf6 21.
Re5 Qd7 22. a4 e6 23. a5 b5 24. b3 Rde8 25. Ba3 Nd5 26. Bc1 f6 27. Re2 a6 28.
c4 Nc7 29. Bb2 Ref8 30. Rd1 Rh7 31. Ba3 Rff7 32. Bc5 Kb7 33. Qd2 f5 34. Rde1
Rh8 35. Re5 Re8 36. Qe2 Kc8 37. Bb6 Qd6 38. Bc5 Qd7 39. Qf2 Rh7 40. Bb6 Qf7 41.
Qf3 Qd7 42. Qe3 Rhe7 43. Qf2 Rh7 44. Kh2 Qd6 45. d5 cxd5 46. cxd5 Nxd5 47. Qd4
Rd7 48. Rc1+ Kb7 49. Bc5 Qb8 50. b4 Rc7 51. Rxe6 Rxe6 52. Qxd5+ Rcc6 53. Qd7+
1/2-1/2

[Event "Veteranklassen"]
[Site "Skorping"]
[Date "2017.04.15"]
[Round "3"]
[White "Jorgensen, Jens AL"]
[Black "Nielsen, Bent K"]
[Result "1-0"]
[WhiteElo "1349"]
[BlackElo "1371"]
[PlyCount "55"]
[EventDate "2017.04.13"]

1. e4 c5 2. Bc4 e6 3. Nc3 Nc6 4. a3 a6 5. Nf3 d6 6. d3 Be7 7. Be3 Bf6 8. O-O b5
9. Ba2 Bb7 10. Rb1 Ne5 11. Nxe5 Bxe5 12. Ne2 Rc8 13. Ng3 g6 14. f4 Bg7 15. f5
exf5 16. exf5 c4 17. fxg6 hxg6 18. dxc4 Qh4 19. Qxd6 Qxh2+ 20. Kf2 Qxg2+ 21.
Ke1 Rd8 22. Qf4 Rd7 23. Qb8+ Ke7 24. Bc5+ Ke6 25. Qe8+ Ne7 26. Qxf7+ Ke5 27.
Qxg7+ Ke6 28. Rf6+ 1-0

[Event "Veteranklassen"]
[Site "Skorping"]
[Date "2017.04.16"]
[Round "4"]
[White "Overgaard, Jorgen"]
[Black "Pedersen, Kurt"]
[Result "1/2-1/2"]
[WhiteElo "1820"]
[BlackElo "1915"]
[PlyCount "55"]
[EventDate "2017.04.13"]

1. d4 Nf6 2. e3 e6 3. Bd3 b6 4. Qe2 Bb7 5. f4 c5 6. c3 Be4 7. Nf3 Nc6 8. O-O
cxd4 9. exd4 Bxd3 10. Qxd3 Be7 11. Ne5 O-O 12. Nd2 Rc8 13. Rf3 d6 14. Nxc6 Rxc6
15. Rh3 g6 16. Nf3 Nd5 17. Ng5 Bxg5 18. fxg5 f5 19. gxf6 Qxf6 20. Rf3 Qh4 21.
Rxf8+ Kxf8 22. Bd2 Rc7 23. Rf1+ Rf7 24. Rxf7+ Kxf7 25. c4 Ne7 26. g3 Qg4 27.
Bf4 Nf5 28. Qf1 1/2-1/2

[Event "Veteranklassen"]
[Site "Skorping"]
[Date "2017.04.16"]
[Round "4"]
[White "Haugaard, Thomas"]
[Black "Hansen, Max Erik"]
[Result "1-0"]
[WhiteElo "1744"]
[BlackElo "1872"]
[PlyCount "79"]
[EventDate "2017.04.13"]

1. d4 Nf6 2. c4 g6 3. Nc3 d5 4. Nf3 Bg7 5. Qb3 dxc4 6. Qxc4 c6 7. e4 Be6 8. Qa4
Nbd7 9. Ng5 Nb6 10. Nxe6 Nxa4 11. Nxd8 Nxc3 12. bxc3 Rxd8 13. f3 O-O 14. Be3
Rfe8 15. Kf2 b6 16. Be2 e5 17. Rhd1 exd4 18. cxd4 c5 19. e5 cxd4 20. Bxd4 Nd5
21. Bc4 Bxe5 22. Bxe5 Rxe5 23. Rd3 Rde8 24. Rxd5 R5e7 25. Rad1 Rc7 26. Rd8 Kf8
27. Rxe8+ Kxe8 28. Bb3 Ke7 29. Rd4 f5 30. h4 Kf6 31. g4 Ke5 32. Rd5+ Kf4 33.
gxf5 gxf5 34. Rd4+ Ke5 35. Ke3 Rc3+ 36. Rd3 Rc7 37. Rd5+ Kf6 38. Kf4 Rc3 39.
Rxf5+ Kg6 40. Rf7 1-0

[Event "Veteranklassen"]
[Site "Skorping"]
[Date "2017.04.16"]
[Round "4"]
[White "Markussen, Benno Orvad"]
[Black "Riis, Jens"]
[Result "1-0"]
[WhiteElo "1720"]
[BlackElo "1670"]
[PlyCount "47"]
[EventDate "2017.04.13"]

1. c4 c5 2. g3 Nc6 3. Bg2 d6 4. Nc3 e6 5. d3 Be7 6. e4 Nf6 7. Nge2 O-O 8. O-O
Bd7 9. d4 cxd4 10. Nxd4 a6 11. Nxc6 Bxc6 12. Be3 Qc7 13. b3 Rac8 14. Rc1 Qd7
15. Bb6 Bd8 16. Bxd8 Rfxd8 17. Qe2 Qe8 18. Rfd1 h6 19. Rd2 Qe7 20. Rcd1 Rd7 21.
f4 e5 22. Bh3 Rcd8 23. Bxd7 Rxd7 24. f5 1-0

[Event "Veteranklassen"]
[Site "Skorping"]
[Date "2017.04.16"]
[Round "4"]
[White "Rendlev, Niels Moller"]
[Black "Jessen, Ernst J"]
[Result "0-1"]
[WhiteElo "1774"]
[BlackElo "1669"]
[PlyCount "70"]
[EventDate "2017.04.13"]

1. f4 d5 2. Nf3 Bg4 3. g3 c6 4. Bg2 Bxf3 5. Bxf3 e6 6. d3 Nf6 7. e3 Be7 8. b3
Na6 9. Bb2 Nc7 10. Nd2 Qd7 11. a4 O-O 12. g4 Nfe8 13. h4 Nd6 14. Qe2 Bf6 15.
Bxf6 gxf6 16. h5 Kh8 17. e4 e5 18. Qh2 Rae8 19. Qh4 Qe7 20. f5 Rg8 21. O-O-O d4
22. a5 Rg5 23. Rdg1 Reg8 24. Be2 Na6 25. Nf3 Ne8 26. Kb2 Qc5 27. Bd1 Qc3+ 28.
Kb1 Nb4 29. Nxg5 Rxg5 30. Qe1 Qc5 31. Rh4 a6 32. Qd2 Qf8 33. Rf1 Rg8 34. Rg1
Rg5 35. Rg2 c5 0-1